Inscriptions sud-arabes : quatrieme serie. XV, Stele funeraire de thay.

محفوظ في:

التنسيق: كتاب

اللغة: French

منشور في: Louvain, 19-?

الموضوعات:

الوسوم: إضافة وسم

لا توجد وسوم, كن أول من يضع وسما على هذه التسجيلة!

رقم الطلب: PJ6951 .R9

LEADER 00617cam a2200193Mc 4500
001 ocn474368573
003 OCoLC
005 20240220185119.0
008 140325s1935 be a 000 0 fre d
050 4 |a PJ6951  |b .R9 
245 0 0 |a Inscriptions sud-arabes :  |b quatrieme serie.  |n XV,  |p Stele funeraire de thay. 
264 1 |a Louvain,  |c 19-? 
300 |a 317 pages :  |b illustrations ;  |c 24 cm 
336 |a text  |b txt  |2 rdacontent 
337 |a unmediated  |b n  |2 rdamedia 
338 |a volume  |b nc  |2 rdacarrier 
650 0 |a Epigraphic South Arabian language   |z  Yemen (Republic) 
650 0 |a Tihama (Saudi Arabia and Yemen) 
999 |c 56922  |d 56922